00678nam a2200205Ia 4500003000400000005001700004008004100021020001800062040001800080041000800098082001900106100002500125245014300150250001200293260004400305300003000349650004100379650002200420650003000442OSt20251110093200.0210716s2018 xx 000 0 und d a9781787280786 cAIMIT LIBRARY aeng a005.761 bKHAA aKhandelwal, Abhinav. aTeradata cookbook: bOver 85 recipes to implement efficient data warehousing solutions /cBy Abhinav Khandelwal and Rajsekhar Bhamidipati. a1st ed. aMumbai :bPackt Publishing Ltd ,c2018. axii,434 p.;bPBc24.5 cm. aAdvanced sql with backup and restore aMixing strategies aMonitoring the better way